Jubilanti z Vojvodiny a literárne snemovanie

Bibliographic Details
Main Author: Bartalská, Ľubica, 1943-2014 (Author)
Format: Article
Language:Slovak
Subjects:

MARC

LEADER 00000nab a2200000 a 4500
001 vtls000596353
003 SK-MaSNL
005 20260303015633.0
008 160203c1996 xo 0 slo
015 |a SNBRB19rr/mm-uuuuu 
035 |a CL0596492 
040 |a SNKBUCL  |b slo  |c SNKBUCL  |e AACR2 
041 0 |a slo 
044 |a xo  |c SK 
080 |a 82:929:885.4 (497.11)  |2 1981 
080 |a 885.4 (497.11)  |2 1981 
080 |a 82:655.4(497.11=854)  |2 1981 
100 1 |a Bartalská, Ľubica,  |d 1943-2014  |4 aut  |9 106026 
245 1 0 |a Jubilanti z Vojvodiny a literárne snemovanie  |c Ľubica Bartalská 
650 0 7 |a slovenskí spisovatelia  |2 snkbucl  |9 1258 
650 0 7 |a literatúra slovenská  |z Vojvodina  |2 snkbucl  |9 998730 
655 7 |a články z novín a časopisov  |2 snkbucl  |9 267496 
655 7 |a články z odboru literárna veda a krásna literatúra  |2 snkbucl  |9 770045 
773 0 |t Slovenské pohľady  |g Roč. 4+112, č. 7-8 (1996), s. 283-284 
850 |a Slovenská národná knižnica v Martine  |a MTA001 
852 |a SNK  |b KIS3GCP 
958 |a RK 
958 |a LX 
958 |a SK 
958 |a YU 
992 |a RBX 
999 |c 1613863  |d 1615793